00573nam a2200205 a 45000010005000000030009000050050017000140080041000310100017000720400040000890820019001291000025001482450055001732600041002283000020002695050011002896500017003006500039003176510011003568897BD-DhUAP20210128101905.0210127s pk b 001 0 eng d a 64057146  aDLCcOClUdOCoLCdUkdBD-DhUAPbEng00a340.59 BAI2231 aBaillie, Neil. B. E.10aA digest of Moohummadan law /cNeil B. E. Baillie. aLahore :bPremier Book House,c...?. aparts ;c22 cm. aP. 1-- 0aIslamic law. 0aFreedom of religion (Islamic law). aIndia.